UBT Library

Fundamentals concepts and skills for nursing; (Record no. 2439)

000 -LEADER
fixed length control field 00308nam a22001217a 4500
008 - FIXED-LENGTH DATA ELEMENTS--GENERAL INFORMATION
fixed length control field 160613b xxu||||| |||| 00| 0 eng d
020 ## - INTERNATIONAL STANDARD BOOK NUMBER
International Standard Book Number 9781416052289
020 ## - INTERNATIONAL STANDARD BOOK NUMBER
International Standard Book Number 978146052289
041 ## - LANGUAGE CODE
Language code of text/sound track or separate title eng
080 ## - UNIVERSAL DECIMAL CLASSIFICATION NUMBER
Universal Decimal Classification number 618.2
245 ## - TITLE STATEMENT
Title Fundamentals concepts and skills for nursing;
Statement of responsibility, etc Susan C.Deit;
942 ## - ADDED ENTRY ELEMENTS (KOHA)
Source of classification or shelving scheme
Item type Books
Holdings
Withdrawn status Lost status Source of classification or shelving scheme Damaged status Not for loan Collection code Permanent location Current location Shelving location Date acquired Total Checkouts Full call number Barcode Date last seen Price effective from Koha item type
          Koleksioni i përgjithshem UBT - Lipjan UBT - Lipjan Koleksioni i përgjithshem 06/13/2016   618.2 DEW 002-035863 01/05/2017 06/13/2016 Books
UBT Library © 2015-2024. All rights reserved University Education for Business and Technology